| 000 | 00948nam a22003017a 4500 | ||
|---|---|---|---|
| 001 | 7646 | ||
| 003 | FISKH | ||
| 005 | 20250729142513.0 | ||
| 008 | 250729b cb ||||| |||| 00| 0 eng d | ||
| 020 | _a0689712030 | ||
| 040 |
_aFISKH _beng _cFISKH _dFISKH |
||
| 050 | _aPZ7.V816 T | ||
| 082 | _a813 | ||
| 100 | _aViorst, Judith | ||
| 245 |
_aThe tenth good thing about Barney / _cJudith Viorst : Illustrated by Erik Blegvad |
||
| 250 | _aFirst Aladin Books edition 1975 | ||
| 260 |
_aNew York : _bAladin Books , _c1971. |
||
| 300 |
_a25 pages : _billustrations ; _c23 cm . |
||
| 505 | _aJ | ||
| 520 | _aIn an attempt to overcome his grief, a boy tries to think of the ten best things about his dead cat. | ||
| 521 | 8 |
_a490
_bLexile |
|
| 521 | 8 |
_aJ
_bRaz-Plus |
|
| 650 |
_aBibliotherapy _vFiction |
||
| 650 |
_adeath of pet _vFiction |
||
| 700 |
_aBlegvad, Erik _eIllustrator |
||
| 942 |
_2ddc _cBK _n0 |
||
| 999 |
_c7646 _d7646 |
||